000 00290nam a22001217a 4500
008 170816b xxu||||| |||| 00| 0 eng d
041 _aeng
080 _a51
100 _a36
101 _aMAT
245 _aMATHEMATICS FOR THE SOCIAL AND BEHAVIORAL SCIENCES
_cGELBAUM,B.R
942 _2udc
_cBK
999 _c23764
_d23764